| 000 | 00526nam a2200157 i 4500 | ||
|---|---|---|---|
| 001 | 50576 | ||
| 003 | ES-MaACL | ||
| 007 | t| | ||
| 008 | 030805s1964 xxu ||||1| spa d | ||
| 245 | 0 | 0 |
_aCuba _b: geopolítica y pensamiento económico / _cde J. Alvarez Díaz... [et al.]. |
| 260 |
_aMiami : _bColegio de Economistas de Cuba en el Exilio, _c1964. |
||
| 300 |
_a576 p. ; _c21 cm. |
||
| 700 | 1 |
_aAlvarez Díaz, J. _920795 |
|
| 710 | 2 |
_aColegio de Economistas de Cuba en el Exilio. _92903 |
|
| 852 |
_aES-MaACL _jE-8361 _bR.92737 |
||
| 999 |
_c50576 _d50576 |
||